00989nam a2200265 a 450000100060000000300090000600800410001502000180005604000280007404100080010208200160011011001000012624500930022625000110031926000320033030000160036249000160037850000270039465000330042165000640045465000650051865000590058365000430064265000380068525813CO-ViMGA141112s2004 ck r 000 u spa d a9789587580228 aCO-ViMGAbspacCO-ViMGA aSPA04a364.151 C65 aComisión Nacional de Reparación y Reconciliación (Colombia). Grupo de Memoria Histórica10aLa Rochela : bmemorias de un crimen contra la justicia / cGrupo de Memoria Histórica a1a ed. aBogotá : bTaurus, c2010 a366 p., il. aPensamiento aIncluye bibliografía14aCONFLICTO ARMADO - COLOMBIA 14aCRIMENES DE LESA HUMANIDAD - EL SALADO (BOLIVAR, COLOMBIA) 14aCRIMENES DE LESA HUMANIDAD - SIMACOTA (SANTANDER, COLOMBIA) 14aMASACRE DE LA ROCHELA - SIMACOTA (SANTANDER, COLOMBIA)14aPARAMILITARISMO - HISTORIA - COLOMBIA 14aVIOLENCIA - SIMACOTA (SANTANDER)